LEADER 01203nam a2200277 i 4500 001 991003767779707536 005 20241119093325.0 008 000704s1963 it ||| | ita 035 $ab10552716-39ule_inst 035 $aEXGIL126674$9ExL 040 $aBiblioteca Interfacoltà$bita 082 0 $a335.4 100 1 $aEngels, Friedrich$036926 245 12$aL'origine della famiglia, della proprietà privata e dello Stato in rapporto alle indagini di Lewis H. Morgan /$cFriedrich Engels ; introduzione e note di Fausto Codino 260 $aRoma :$bEditori riuniti,$c1963 300 $a219 p. ;$c23 cm 490 1 $aI classici del marxismo. Nuova serie 650 4$aFamiglia$xOrigini$yOpere del 19. sec. 650 4$aProprietà$xOrigini$yOpere del 19. sec. 830 2$aI classici del marxismo.$nNuova serie 912 $a991003767779707536 945 $aLE002 335.4 ENG 1963 945 $aLE002 Fil. III L 28$g1$i2002000569141$lle002$o-$pE0.00$q-$rl$s-$t0$u1$v0$w1$x0$y.i10634952$z27-06-02 996 $aOrigine della famiglia, della proprietà privata e dello Stato in rapporto alle indagini di Lewis H. Morgan$9215824 997 $aUNISALENTO 998 $ale002$b01-01-00$cm$da$e-$fita$git$h2$i1 LEADER 01214nam0 22002771i 450 001 UON00469490 005 20231205105158.105 100 $a20160917f |0itac50 ba 101 $alat 102 $aIT 105 $a|||| ||||| 200 1 $aCompendium aureum$f[Flaccus Africus] 205 $aMicrofilm del manoscritto Oxford$bCorpus Christi College 210 $aSec. 15 215 $aff. 42r-47r. 606 $aErmetismo$3UONC029030$2FI 676 $a189$cFILOSOFIA MEDIEVALE$v21 700 0$aFLACCUS AFRICUS$3UONV232694$0720428 702 0$aHermes : Trismegistus$3UONV138240 801 $aIT$bSOL$c20250620$gRICA 856 4 $uhttp://www.bphv.eu/index.php/bibliotheca-philosophica-virtualis/107-compendium-aureum$zhttp://www.bphv.eu/index.php/bibliotheca-philosophica-virtualis/107-compendium-aureum 899 $aSIBA - SISTEMA BIBLIOTECARIO DI ATENEO$2UONSI$uhttp://www.bphv.eu/index.php/bibliotheca-philosophica-virtualis/107-compendium-aureum 912 $aUON00469490 950 $aSIBA - SISTEMA BIBLIOTECARIO DI ATENEO$dSI F.L.m. 005 $eSI FP 11999 7 996 $aCompendium aureum$91399807 997 $aUNIOR